000 00349nam a2200133Ia 4500
008 240624s9999 xx 000 0 und d
041 _aeng
082 _a658.456 HAW
100 _aHAWKINS CHARLIE
245 _aMAKE MEETINGS MATTER BAN BOREDOM CONTROL
260 _c2008
_aNew Jersey
_bCareer Press
300 _a222 : p. : cm. ; 22
365 _c
_b30
999 _c11133
_d11133